MARC

LEADER 00000nam0a2200000 4500
001 363128
005 20231102011546.0
035 |a (RuTPU)RU\TPU\retro\20475 
090 |a 363128 
100 |a 20210920d1932 k y0rusy50 ca 
101 0 |a rus 
102 |a RU 
105 |a y z 000zy 
200 1 |a Заводские и поселковые площадки в районе г. Сталинска  |e [отдельный оттиск]  |f А. М. Кузьмин 
210 |a Томск  |c [Б. и.]  |d [1932] 
215 |a 12-18 с. 
316 |5 63413507: КР-7214  |a На обложке надпись: "В. А. Пышкин" 
317 |5 63413507: КР-7214  |a Поступил в НТБ в 2004 г. в составе книжного собрания кафедры общей геологии 
606 1 |a Инженерно-геологические исследования  |2 stltpush  |3 (RuTPU)RU\TPU\subj\76834  |9 87639 
610 1 |a паровозостроительные заводы 
610 1 |a территории 
610 1 |a исследование 
610 1 |a проектирование 
610 1 |a труды учёных ТПУ 
610 1 |a Коллекция кафедры общей геологии 
610 1 |a Новокузнецк 
610 1 |a дары библиотеке 
675 |a 624.131.31  |v 4 
700 1 |a Кузьмин  |b А. М.  |c российский геолог  |c профессор Томского политехнического института  |f 1891-1980  |g Алексей Михайлович  |x TPU  |2 stltpush  |3 (RuTPU)RU\TPU\pers\13901 
801 1 |a RU  |b 63413507  |c 20210920 
801 2 |a RU  |b 63413507  |c 20220428  |g RCR 
942 |c BK